00422nam a22001457a 4500003000400000005001700004008004100021040002200062082001500084100002400099245004400123260004800167300001900215700004200234OSt20221031161529.0221031b |||||||| |||| 00| 0 eng d cBiblioteca Lado V 2708aL864p aLopez, Mateoeautor aCatalogo VI Premio Luis Caballero 2011/ aColombiabAlcaldía Mayor de Bogota c2011 a156p.c21x25cm aSuarez Londoño, Jose Antonioeautor